[Event "MOKATE POL-chW 2019"]
[Site "Warsaw"]
[Date "2019.05.12"]
[Round "2.4"]
[White "Kubicka, Anna"]
[Black "Warakomska, Anna"]
[Result "0-1"]
[WhiteElo "2142"]
[BlackElo "2218"]
[Annotator "NA"]
[PlyCount "78"]
[EventDate "2019.05.11"]
[EventType "tourn"]
[EventCountry "POL"]
[SourceTitle "playchess.com"]
[Source "ChessBase"]
[SourceQuality "1"]
[TimeControl "40/5400+30:1800+30"]

1. e4 {[%emt 0:00:00]} c6 {[%emt 0:00:00]} 2. Nc3 {[%emt 0:00:12]} d5 {[%emt 0:00:10]} 3. Nf3 {[%emt 0:00:11]} Nf6 {[%emt 0:00:52]} 4. e5 {[%emt 0:03:30]} Ne4 {[%emt 0:00:22]} 5. Be2 {[%emt 0:05:04]} Nxc3 {[%emt 0:04:42]} 6. dxc3 {[%emt 0:00:56]} Bg4 {[%emt 0:00:48]} 7. h3 {[%emt 0:01:08]} Bxf3 {[%emt 0:00:57]} 8. Bxf3 {[%emt 0:00:05]} e6 {[%emt 0:00:26]} 9. O-O {[%emt 0:01:22]} Nd7 {[%emt 0:01:59]} 10. Qe2 {[%emt 0:01:25]} Qc7 {[%emt 0:02:53]} 11. Re1 {[%emt 0:00:59]} O-O-O {[%emt 0:08:23]} 12. a4 {[%emt 0:03:59]} g6 {[%emt 0:07:03]} 13. b4 {[%emt 0:04:38]} Bg7 {[%emt 0:02:16]} 14. Bf4 {[%emt 0:02:08]} h6 {[%emt 0:07:36]} 15. Qe3 {[%emt 0:11:20]} g5 {[%emt 0:10:49]} 16. Bg3 {[%emt 0:00:51]} Kb8 {[%emt 0:07:38]} 17. b5 {[%emt 0:05:02]} Nb6 {[%emt 0:01:23]} 18. Be2 {[%emt 0:09:58]} cxb5 {[%emt 0:03:20]} 19. axb5 {[%emt 0:00:54]} Bf8 {[%emt 0:00:38]} 20. Ra2 {[%emt 0:11:53]} Bc5 {[%emt 0:00:25]} 21. Qf3 {[%emt 0:00:15]} Nc4 {[%emt 0:17:04]} 22. Bd3 {[%emt 0:08:21]} Bb6 {[%emt 0:04:11]} 23. Kh1 {[%emt 0:12:32]} Nd2 {[%emt 0:01:30]} 24. Qe2 {[%emt 0:00:51]} Qxc3 {[%emt 0:01:38]} 25. Ra4 {[%emt 0:01:14]} Rc8 {[%emt 0:02:29]} 26. Rd1 {[%emt 0:04:41]} Ne4 {[%emt 0:04:13]} 27. Bxe4 {[%emt 0:00:28]} dxe4 {[%emt 0:00:02]} 28. Rd7 {[%emt 0:02:04]} Qxc2 {[%emt 0:00:30]} 29. Qxc2 {[%emt 0:00:32]} Rxc2 {[%emt 0:00:03]} 30. Rxf7 {[%emt 0:00:17]} Rc1+ {[%emt 0:01:12]} 31. Kh2 {[%emt 0:00:06]} Rd8 {[%emt 0:00:55]} 32. h4 {[%emt 0:02:28]} g4 {[%emt 0:03:13]} 33. Bf4 {[%emt 0:02:57]} Rf1 {[%emt 0:00:04]} 34. Rxe4 {[%emt 0:01:58]} Bxf2 {[%emt 0:00:44]} 35. Rc4 {[%emt 0:01:30]} g3+ {[%emt 0:03:10]} 36. Kh3 {[%emt 0:00:12]} h5 {[%emt 0:01:07]} 37. Bxg3 {[%emt 0:00:57]} Rh1+ {[%emt 0:00:03]} 38. Bh2 {[%emt 0:00:02]} Bg1 {[%emt 0:00:47]} 39. Rcc7 {[%emt 0:00:48]} Rd3+ {[%emt 0:00:25]} 0-1

[Event "MOKATE POL-chW 2019"]
[Site "Warsaw"]
[Date "2019.05.12"]
[Round "2.5"]
[White "Socko, Monika"]
[Black "Kulon, Klaudia"]
[Result "1-0"]
[WhiteElo "2445"]
[BlackElo "2357"]
[Annotator "ChessBase"]
[PlyCount "109"]
[EventDate "2019.05.11"]
[EventType "tourn"]
[EventCountry "POL"]
[SourceTitle "playchess.com"]
[Source "ChessBase"]
[SourceQuality "1"]
[TimeControl "40/5400+30:1800+30"]

1. d4 {[%emt 0:00:00]} f5 {[%emt 0:00:00]} 2. Nf3 {[%emt 0:00:00]} Nf6 {[%emt 0:00:00]} 3. c4 {[%emt 0:00:00]} g6 {[%emt 0:00:00]} 4. g3 {[%emt 0:00:31]} Bg7 {[%emt 0:00:00]} 5. Bg2 {[%emt 0:00:06]} O-O {[%emt 0:00:09]} 6. Nc3 {[%emt 0:00:49]} d6 {[%emt 0:00:04]} 7. O-O {[%emt 0:00:34]} c6 {[%emt 0:00:04]} 8. Rb1 {[%emt 0:02:41]} a5 {[%emt 0:04:43]} 9. d5 {[%emt 0:03:41]} e5 {[%emt 0:02:11]} 10. dxe6 {[%emt 0:03:54]} Bxe6 {[%emt 0:00:04]} 11. b3 {[%emt 0:02:57]} Na6 {[%emt 0:01:57]} 12. Ng5 {[%emt 0:09:12]} Qe7 {[%emt 0:00:41]} 13. Nxe6 {[%emt 0:08:56]} Qxe6 {[%emt 0:00:05]} 14. Be3 {[%emt 0:00:53]} Nc5 {[%emt 0:16:49]} 15. Qc2 {[%emt 0:02:49]} Ng4 {[%emt 0:05:29]} 16. Bxc5 {[%emt 0:06:04]} dxc5 {[%emt 0:00:06]} 17. Na4 {[%emt 0:00:18]} Qe7 {[%emt 0:00:52]} 18. Rbd1 {[%emt 0:01:18]} Rad8 {[%emt 0:02:09]} 19. e3 {[%emt 0:03:16]} h5 {[%emt 0:13:32]} 20. Rxd8 {[%emt 0:08:22]} Rxd8 {[%emt 0:00:05]} 21. Rd1 {[%emt 0:00:26]} Rxd1+ {[%emt 0:02:52]} 22. Qxd1 {[%emt 0:00:02]} h4 {[%emt 0:00:13]} 23. Qd3 {[%emt 0:06:27]} hxg3 {[%emt 0:03:30]} 24. hxg3 {[%emt 0:00:04]} Bf6 {[%emt 0:00:58]} 25. Nb6 {[%emt 0:04:43]} Ne5 {[%emt 0:03:16]} 26. Qd2 {[%emt 0:02:04]} Qd8 {[%emt 0:00:14]} 27. Qxd8+ {[%emt 0:02:13]} Bxd8 {[%emt 0:00:01]} 28. Na4 {[%emt 0:00:06]} Be7 {[%emt 0:01:02]} 29. e4 {[%emt 0:02:22]} b5 {[%emt 0:08:05]} 30. Nb2 {[%emt 0:07:01]} a4 {[%emt 0:07:04]} 31. bxa4 {[%emt 0:09:30]} bxa4 {[%emt 0:12:31]} 32. Nxa4 {[%emt 0:00:59]} Nxc4 {[%emt 0:00:18]} 33. exf5 {[%emt 0:00:10]} gxf5 {[%emt 0:00:14]} 34. Bxc6 {[%emt 0:00:19]} Kg7 {[%emt 0:00:20]} 35. Kf1 {[%emt 0:01:21]} Na3 {[%emt 0:00:38]} 36. Ke2 {[%emt 0:01:34]} Kf6 {[%emt 0:05:31]} 37. f4 {[%emt 0:00:45]} c4 {[%emt 0:04:35]} 38. Nb6 {[%emt 0:01:52]} Bd8 {[%emt 0:03:17]} 39. Nd5+ {[%emt 0:01:50]} Ke6 {[%emt 0:00:06]} 40. Ne3 {[%emt 0:00:00]} c3 {[%emt 0:00:00]} 41. Bd5+ {[%emt 0:03:13]} Kf6 {[%emt 0:03:13]} 42. Bb3 {[%emt 0:00:11]} Kg6 {[%emt 0:02:19]} 43. Be6 {[%emt 0:02:03]} Ba5 {[%emt 0:04:27]} 44. Bxf5+ {[%emt 0:00:27]} Kf6 {[%emt 0:00:02]} 45. Bd3 {[%emt 0:00:51]} Kg7 {[%emt 0:00:52]} 46. g4 {[%emt 0:00:50]} Bc7 {[%emt 0:00:59]} 47. Kf3 {[%emt 0:00:51]} Bb8 {[%emt 0:00:47]} 48. g5 {[%emt 0:00:48]} Bc7 {[%emt 0:00:24]} 49. f5 {[%emt 0:01:34]} Bb6 {[%emt 0:01:08]} 50. f6+ {[%emt 0:03:18]} Kf8 {[%emt 0:00:05]} 51. Ke4 {[%emt 0:04:15]} Bd8 {[%emt 0:00:23]} 52. Kf5 {[%emt 0:01:09]} Bb6 {[%emt 0:00:06]} 53. Nc2 {[%emt 0:00:28]} Nb1 {[%emt 0:00:13]} 54. g6 {[%emt 0:00:20]} Nd2 {[%emt 0:00:05]} 55. Be4 {[%emt 0:01:00]} 1-0

[Event "MOKATE POL-chW 2019"]
[Site "Warsaw"]
[Date "2019.05.13"]
[Round "3.1"]
[White "Kulon, Klaudia"]
[Black "Szczepkowska, Karina"]
[Result "0-1"]
[WhiteElo "2357"]
[BlackElo "2431"]
[Annotator "TA"]
[PlyCount "52"]
[EventDate "2019.05.11"]
[EventType "tourn"]
[EventCountry "POL"]
[SourceTitle "playchess.com"]
[Source "ChessBase"]
[SourceQuality "1"]

{[%evp 12,52,-11,-25,10,0,2,0,0,0,10,-32,-30,-90,-91,-90,-93,-93,-101,-139,-145,-159,-150,-207,-205,-215,-107,-230,-237,-226,-214,-316,-308,-328,-325,-317,-214,-212,-212,-896,-895,-883,-871]} 1. e4 e5 2. Nc3 Nf6 3. f4 d5 4. fxe5 Nxe4 5. Qf3 Nc6 6. Bb5 Nxc3 7. bxc3 a6 {C29: Vienna Game: 2...Nf6 3 f4} (7... Be7 8. d4 O-O 9. Bd3 f6 10. Qh5 g6 11. Bxg6 hxg6 12. Qxg6+ Kh8 13. Qh6+ {½-½ (13) Mastrovasilis,A (2500)-Mastrovasilis,D (2512) Aspropyrgos 2003}) 8. Bxc6+ $1 bxc6 9. Ne2 Be7 {The position is equal.} 10. Nd4 Bd7 11. e6 $146 ({Predecessor:} 11. O-O O-O 12. Nf5 Bxf5 13. Qxf5 Qc8 14. Rb1 Qxf5 15. Rxf5 {1-0 (45) Detko,J (2143)-Szaraz,V (2065) Slovakia 2006}) 11... Bxe6 12. Nxe6 (12. Nxc6 $11 {keeps the balance.} Bh4+ 13. g3) 12... fxe6 $17 13. O-O Rf8 14. Qh5+ Kd7 15. Re1 Qe8 16. Qe2 Qg6 17. d4 (17. d3 $17) 17... Bd6 $19 18. c4 Rae8 (18... dxc4 $19 {has better winning chances.} 19. c3 Rab8) 19. Rb1 (19. c5 $17 Be7 20. Be3) 19... dxc4 20. Be3 Rf5 21. Rf1 (21. Kh1 $142) 21... Ref8 22. Qxc4 Qh5 {[%csl Gd6][%cal Rh5h2] [#]} 23. h3 Rxf1+ $40 {[%mdl 128] White is in trouble.} 24. Rxf1 Qb5 25. Qd3 $2 (25. Qxb5 cxb5 26. Rxf8 Bxf8 27. Kf2) 25... Qxd3 26. cxd3 {[#]} Bh2+ $1 {[%mdl 512] Accuracy: White = 25%, Black = 80%.} 0-1

[Event "MOKATE POL-chW 2019"]
[Site "Warsaw"]
[Date "2019.05.13"]
[Round "3.2"]
[White "Warakomska, Anna"]
[Black "Socko, Monika"]
[Result "0-1"]
[WhiteElo "2218"]
[BlackElo "2445"]
[Annotator "TA"]
[PlyCount "94"]
[EventDate "2019.05.11"]
[EventType "tourn"]
[EventCountry "POL"]
[SourceTitle "playchess.com"]
[Source "ChessBase"]
[SourceQuality "1"]

{[%evp 10,94,26,25,25,21,21,16,16,16,48,17,20,13,19,0,0,-13,0,0,4,-27,-16,-18,-10,-20,-8,-6,0,0,0,0,0,3,13,8,50,10,17,16,85,37,56,35,37,49,42,0,49,26,77,57,69,43,61,53,45,34,39,29,33,8,48,42,49,0,3,0,0,-156,-122,-395,-412,-431,-448,-439,-445,-435,-412,-428,-425,-586,-566,-783,-761,-1909,-1889]} 1. e4 g6 2. d4 d6 3. Bc4 Bg7 4. Nf3 Nc6 5. h3 Nf6 6. Qe2 e5 {B06: Modern Defence} 7. dxe5 Nxe5 8. Nxe5 dxe5 {The position is equal.} 9. O-O O-O (9... Nh5 10. Nc3 c6 11. Be3 O-O 12. Qf3 Qe7 13. Rad1 b5 14. Bb3 {0-1 (54) Vishnu,P (2518)-Saric,I (2695) St Petersburg 2018}) 10. Nc3 c6 11. a4 Nh5 12. Be3 Nf4 13. Qf3 Be6 (13... Qe7 {seems wilder.} 14. Nb1 Rd8 15. b3 Be6 16. Nd2 Rd7) 14. Rfd1 $146 ({Predecessor:} 14. Bxe6 Nxe6 {0-1 (62) Jablonski,N (2263)-Bogdan,D (2455) Avoine 2005}) 14... Qe7 15. Bxe6 (15. Bf1 {is more complex.} Qb4 16. a5 b5 17. Bd2 Qe7 18. Ne2) 15... Nxe6 16. Qe2 Nd4 17. Qc4 Rfd8 18. Rd2 Rd7 19. Rad1 Rad8 20. Na2 b5 21. axb5 cxb5 22. Qb4 {Black must now prevent Qxe7.} Qe6 23. Nc3 a6 24. Nd5 h6 (24... Rc8 $11 {remains equal.}) 25. Qa5 f5 26. f3 Kh8 27. Ra1 {[%cal Bd1a1,Ba1a3,Ba3c3][%mdl 32]} Rd6 28. Ra3 Qf7 29. Rc3 Ne6 (29... fxe4 $11 30. fxe4 g5) 30. Bb6 Ra8 31. Rcd3 Nd4 32. Qa3 Rc6 33. c3 Bf8 34. b4 Ne6 35. Qa2 {With the idea Nc7.} Ng5 36. exf5 gxf5 37. Be3 (37. h4 $5 {[%cal Rh4g5]} e4 38. Re3 $14) 37... f4 38. Bf2 Re8 39. Re2 $2 {[#]} (39. h4 $11 e4 40. Bd4+ Bg7 41. Bxg7+ Kxg7 42. Rd4) 39... Nxh3+ $1 {[%mdl 512]} 40. gxh3 $2 {[%mdl 8192]} (40. Kf1 $17 Nxf2 41. Kxf2) 40... Qg6+ $19 {[%mdl 64] Double Attack} 41. Kh2 {Hoping for Rd1.} Qxd3 42. Nxf4 Qf5 43. Qd2 Bg7 44. Bg3 Rcc8 {Black is clearly winning.} 45. Nd5 Rcd8 46. Qa2 Qxf3 47. Nc7 {[#]} Rd1 $1 {[%mdl 512] Accuracy: White = 31%, Black = 52%.} 0-1

[Event "MOKATE POL-chW 2019"]
[Site "Warsaw"]
[Date "2019.05.13"]
[Round "3.3"]
[White "Sliwicka, Alicja"]
[Black "Kubicka, Anna"]
[Result "1-0"]
[WhiteElo "2271"]
[BlackElo "2142"]
[Annotator "TA"]
[PlyCount "101"]
[EventDate "2019.05.11"]
[EventType "tourn"]
[EventCountry "POL"]
[SourceTitle "playchess.com"]
[Source "ChessBase"]
[SourceQuality "1"]

{[%evp 24,104,-10,-14,-12,-7,0,-30,-41,-50,-51,-72,-17,-17,-18,-17,-16,-18,-16,-18,-20,-25,201,214,189,205,197,212,201,217,209,207,208,206,209,196,187,154,154,134,144,128,222,222,222,222,227,193,244,244,431,428,428,428,417,403,400,402,589,559,542,491,416,413,802,762,1102,1000,1705,1772,1628,1406,2076,1981,29955,29943,29970,29974,29971,29975,29975,29976,29977]} 1. e4 c6 2. d4 d5 3. Nc3 dxe4 4. Nxe4 Bf5 5. Ng3 Bg6 6. h4 h6 7. f4 e6 8. Nf3 Nd7 9. h5 Bh7 10. Bd3 Bxd3 11. Qxd3 Ngf6 12. Bd2 Qc7 13. O-O-O c5 {B18: Classical Caro-Kann: 4...Bf5 sidelines} (13... Bd6 14. Ne5 O-O 15. Ne4 Nxe4 16. Qxe4 f5 17. Qe2 Nf6 18. g4 Bxe5 19. dxe5 Nxg4 20. Bb4 c5 21. Be1 Rad8 22. Bh4 Rd4 23. Rxd4 cxd4 24. Rd1 {0-1 (65) Movsesian,S (2629)-Erenburg,S (2589) chess.com INT 2019}) 14. Ne5 cxd4 15. Rhe1 Rc8 {Black has an edge.} 16. Nf5 $146 ({Predecessor:} 16. Kb1 Bd6 17. Nxd7 Qxd7 18. Nf5 O-O 19. Nxd4 Bc5 20. Be3 Qd5 {½-½ (41) Leks,H (2198)-Czarnecki,W (2104) Mrzezyno 2010}) 16... Nxe5 ({But not} 16... exf5 17. Ng6+ Ne4 18. Rxe4+ fxe4 19. Qxe4+ Kd8 20. Nxh8 $11) ({Worse is} 16... Nxh5 17. Nxd4 Nxe5 18. Rxe5 $16) 17. Rxe5 Nd7 ({Inferior is} 17... Nxh5 18. Nxd4 Qc4 19. Nxe6 $16) (17... Qc4 $17 {...Qxd3 is the strong threat.} 18. Be1 Nxh5) 18. Re2 $11 Qc4 19. Qxc4 Rxc4 20. Be1 Nf6 21. Nxd4 Bc5 22. Nb3 O-O $2 (22... Bb6 $11) 23. Nxc5 $18 {[%mdl 64] Overworked Piece} Rxc5 24. Bb4 {[%mdl 64] Skewer} Rxh5 25. Bxf8 Kxf8 {[%mdl 4096] Endgame KRR-KRN} 26. Rd8+ Ke7 27. Rb8 Rb5 28. a4 Rb4 29. c3 Nd7 30. cxb4 Nxb8 {KR-KN} 31. Kc2 Nd7 32. Kb3 f5 {[#]} (32... g6 $16 {was worth a try.} 33. Rc2 Kd8) 33. Rc2 $1 {[%cal Rc2c7] Hoping for Rc7.} Kd6 34. Rc8 g5 35. g3 gxf4 (35... e5 $142 36. fxe5+ Nxe5) 36. gxf4 Nb6 $2 (36... a6 {is a better defense.} 37. Rh8 Nf6 38. Rxh6 Nd5) 37. Rd8+ Kc7 38. Rh8 Nd5 39. Rxh6 Nxf4 40. Rh7+ Kb6 (40... Kc6 {was called for.} 41. b5+ Kb6) 41. Re7 a6 42. a5+ Kc6 43. Kc4 b5+ {[#]} (43... b6 $142 44. Ra7 Ng2 45. Rxa6 Ne3+ 46. Kd4 Nd5) 44. Kb3 $1 Kd5 45. Ra7 Ne2 46. Rxa6 f4 47. Ra8 f3 48. Rf8 Kc6 49. Rf7 {White mates.} Nd4+ 50. Kc3 Nf5 {[#]} 51. Kd3 {Played: Rf7xf5} 1-0

[Event "MOKATE POL-chW 2019"]
[Site "Warsaw"]
[Date "2019.05.13"]
[Round "3.4"]
[White "Dwilewicz, Katarzyna"]
[Black "Rajlich, Iweta"]
[Result "0-1"]
[WhiteElo "2028"]
[BlackElo "2378"]
[Annotator "TA"]
[PlyCount "80"]
[EventDate "2019.05.11"]
[EventType "tourn"]
[EventCountry "POL"]
[SourceTitle "playchess.com"]
[Source "ChessBase"]
[SourceQuality "1"]

{[%evp 11,80,34,37,33,53,32,32,33,40,40,43,38,42,27,60,41,40,34,42,41,41,25,40,0,0,0,0,-8,0,-4,0,-11,0,12,49,31,55,22,161,58,86,82,79,79,100,7,65,0,2,6,36,33,36,31,72,7,9,6,5,-53,-52,-49,-40,-77,-77,-74,-74,-119,-107,-316,-287]} 1. e4 c5 2. Nf3 g6 3. c4 Bg7 4. d4 cxd4 5. Nxd4 Nc6 6. Be3 Qb6 {[%cal Rc6d4]} 7. Nb3 {B38: Sicilian: Maroczy Bind with 5...Bg7 and 7...0-0} Qd8 8. Qd2 (8. Nc3 {keeps more tension.} d6 9. Rc1 Nf6 10. Be2 O-O 11. O-O) 8... Nf6 9. f3 {White is slightly better.} d6 10. Nc3 O-O 11. Be2 a5 12. O-O Bd7 13. Rfd1 a4 14. Nd4 {[#]} Nxd4 $146 ({Predecessor:} 14... Qa5 15. Rac1 Rfc8 16. Ndb5 Be6 17. Nd5 Qxd2 18. Bxd2 Nxd5 19. cxd5 Nd4 20. Nxd4 Bxd4+ 21. Kf1 Bd7 22. b4 Bb2 23. Rxc8+ Rxc8 24. Bd3 a3 25. Ke2 Ba4 26. Rf1 Bb3 27. axb3 a2 28. Bc4 b5 29. Bd3 Bc1 {0-1 (29) Bloomer,J (1950)-Guseinov,G (2664) chess.com INT 2019}) 15. Bxd4 Qa5 16. Rac1 Rfc8 17. Rc2 Be6 18. Nb5 Qxd2 19. Rdxd2 Bh6 20. Rd1 Nd7 21. Kf2 f5 22. exf5 gxf5 23. g3 Nc5 24. Bf1 Bd7 {[#]} (24... Kf7 $11 {and Black is okay.}) 25. Nc3 ({White should try} 25. Nxd6 $1 $18 {[%mdl 512]} exd6 26. Bxc5 {[%mdl 64] Pin}) 25... Bc6 26. Bxc5 dxc5 27. Nd5 Kf8 28. f4 (28. Bd3 $16) 28... Bg7 (28... e6 $11 29. Nc3 Bg7) 29. Ke1 ({White should play} 29. Bd3 $14) 29... Ra6 30. Re2 Rd8 31. Bh3 a3 32. b3 Bd4 {[#]} 33. Bxf5 (33. Rxd4 $1 $16 cxd4 34. Nc7) 33... Bxd5 $11 34. cxd5 Rxd5 {White must now prevent ...Bc3+.} 35. Bd3 (35. Bc2 $11) 35... Bc3+ $1 $15 36. Kf2 Rad6 $36 {[%mdl 2048] White is under pressure.} 37. Ke3 {[#]} b5 $1 {[%cal Bb7b5,Bb5b4][%mdl 544] Hoping for ...c4!} 38. Rc2 (38. Bxb5 Rxd1) 38... b4 39. h3 e5 40. f5 $2 {[#]} (40. Rg2 $17) 40... Rd4 $1 {Accuracy: White = 29%, Black = 60%.} 0-1

[Event "MOKATE POL-chW 2019"]
[Site "Warsaw"]
[Date "2019.05.13"]
[Round "3.5"]
[White "Majdan, Joanna"]
[Black "Zawadzka, Jolanta"]
[Result "1/2-1/2"]
[WhiteElo "2371"]
[BlackElo "2427"]
[Annotator "TA"]
[PlyCount "66"]
[EventDate "2019.05.11"]
[EventType "tourn"]
[EventCountry "POL"]
[SourceTitle "playchess.com"]
[Source "ChessBase"]
[SourceQuality "1"]

{[%evp 10,66,39,32,34,25,52,22,22,22,26,-7,30,-7,19,13,47,-9,-9,-8,0,-4,0,-6,-9,-9,0,0,0,0,0,0,0,-4,0,-9,0,-8,0,0,-1,0,0,-4,-5,-7,0,0,0,0,0,0,0,0,0,0,0,-43,-44]} 1. e4 c5 2. Nf3 e6 3. d4 cxd4 4. Nxd4 Nc6 5. Nc3 Qc7 6. f4 Nxd4 {B47: Sicilian: Taimanov: 5 Nc3 Qc7 6 f4, 6 g3 and 6 Be2} 7. Qxd4 b6 8. Be2 (8. Bd3 Bb7 9. Bd2 Nf6 10. Qf2 Bc6 11. O-O-O O-O-O 12. e5 Nd5 13. Ba6+ Kb8 14. Nb5 Bxb5 15. Bxb5 {½-½ (47) Maze,S (2602)-Rapport,R (2726) Germany 2019}) 8... Bb7 {The position is equal.} 9. Bf3 $146 ({Predecessor:} 9. Be3 Nf6 10. a3 Bc5 11. Qd3 O-O 12. O-O-O Rac8 13. Bxc5 Qxc5 14. Bf3 {1-0 (39) Delgado Ramirez,N (2607)-Barbosa,E (2449) Praia da Pipa 2014}) 9... Nf6 10. a3 Rc8 11. Qd3 Qc4 (11... d5 $5) 12. Be3 d5 {[%cal Rd5e4]} (12... h5 {looks sharper.} 13. Qd4 Be7 14. e5 Bxf3 15. gxf3 Qxd4 16. Bxd4 Ng8) 13. exd5 (13. Qxc4 $14 Rxc4 14. exd5) 13... Qxd3 $11 14. cxd3 Nxd5 15. Nxd5 Bxd5 16. Bxd5 exd5 17. Kd2 Bd6 18. g3 Kd7 19. Rac1 h5 20. Rxc8 Rxc8 {[%mdl 4096] Endgame KRB-KRB} 21. Bd4 f6 22. Rf1 Rh8 23. h3 Ke6 24. Ke3 Rc8 25. Kf3 Rc2 26. Rf2 Rc1 27. Re2+ Kf7 28. Be3 Rf1+ 29. Rf2 Rd1 30. Rd2 Rf1+ 31. Rf2 Rd1 32. Rd2 Rh1 33. Rc2 h4 {Accuracy: White = 52%, Black = 57%.} 1/2-1/2

[Event "MOKATE POL-chW 2019"]
[Site "Warsaw"]
[Date "2019.05.14"]
[Round "4.1"]
[White "Szczepkowska, Karina"]
[Black "Zawadzka, Jolanta"]
[Result "0-1"]
[WhiteElo "2431"]
[BlackElo "2427"]
[Annotator "TA"]
[PlyCount "110"]
[EventDate "2019.05.11"]
[EventType "tourn"]
[EventCountry "POL"]
[SourceTitle "playchess.com"]
[Source "ChessBase"]
[SourceQuality "1"]

{[%evp 16,110,29,26,17,0,7,12,25,0,0,0,6,9,24,0,0,-2,-3,-13,-7,-7,-11,-12,-5,-18,-8,-9,-1,-2,0,-9,-4,-4,-2,-10,-10,-10,-6,-12,-6,-10,-7,-6,-6,-10,0,-8,-4,-5,0,-5,0,0,0,-15,-15,-10,-11,-12,0,-56,-45,-149,-117,-641,-471,-1483,-14,-1476,-1319,-1459,-1401,-1237,-1164,-1545,-1443,-4149,-4149,-4149,-4149,-4149,-4149,-4149,-4149,-4149,-4149,-4141,-4141,-29983,-29984,-29984,-29985,-29985,-29986,-29987,-29988]} 1. d4 d5 2. c4 e6 3. Nf3 Nf6 4. Nc3 Bb4 5. Bg5 h6 6. Bxf6 Qxf6 7. e3 O-O 8. Rc1 dxc4 9. Bxc4 c5 {D38: Queen's Gambit Declined: Ragozin Defence (4 Nf3 Bb4)} 10. Qb3 cxd4 11. Qxb4 Nc6 {The position is equal.} 12. Qa3 {[#] Strongly threatening Ne4.} (12. Ne4 {looks sharper.} Nxb4 13. Nxf6+ gxf6 14. Nxd4 e5 15. Nc2) 12... dxc3 13. Qxc3 Qxc3+ 14. Rxc3 Bd7 {[#]} 15. O-O $146 ({Predecessor:} 15. Ke2 Rfd8 16. Rd1 Be8 17. Rxd8 {½-½ (17) Mamedyarov,S (2800)-Radjabov,T (2724) Geneva 2017}) 15... Rfd8 16. Rcc1 Kf8 17. Rfd1 Ke7 18. Kf1 Rac8 19. Ke1 f6 20. h3 g5 21. Be2 Be8 22. Rxd8 Rxd8 23. Rd1 Rd6 24. Rxd6 Kxd6 $11 {[%mdl 4096] Endgame KBN-KBN} 25. Kd2 e5 26. Kc3 Ne7 27. Nd2 Nd5+ 28. Kc2 Bg6+ 29. e4 Nf4 30. Bf1 Bf7 31. a3 h5 32. g3 Ne6 33. Nc4+ Kc5 {White must now prevent ...Nd4+.} 34. Kc3 Nd4 {Hoping for ...Nb5+.} 35. Nd2 h4 36. gxh4 gxh4 37. f4 b5 38. fxe5 (38. b4+ $11 Kc6 39. Bd3) 38... fxe5 $15 39. Kd3 ({Better is} 39. b4+ $15 Kb6 40. Kd3) 39... a5 {[%cal Ba7a5,Ba5b4][%mdl 32]} 40. Kc3 $2 {[%mdl 8192]} (40. Ke3 $17) 40... b4+ $19 41. axb4+ (41. Kd3 $142 Nb3 42. axb4+ Kxb4 43. Bg2) 41... axb4+ 42. Kd3 {[#]} Nb3 $1 {[%cal Rb3d2]} 43. Nf3 Bc4+ 44. Ke3 Bxf1 45. Nxe5 Na5 46. Nf3 Nc4+ 47. Kf2 Bxh3 48. b3 Na5 49. Ke3 Nxb3 50. Nxh4 Kc4 51. Nf3 Kc3 52. e5 Na5 {Black mates.} 53. e6 Bxe6 54. Nd4 Bc4 55. Ke4 Nb3 {Accuracy: White = 42%, Black = 87%.} 0-1

[Event "MOKATE POL-chW 2019"]
[Site "Warsaw"]
[Date "2019.05.14"]
[Round "4.2"]
[White "Rajlich, Iweta"]
[Black "Majdan, Joanna"]
[Result "1/2-1/2"]
[WhiteElo "2378"]
[BlackElo "2371"]
[Annotator "TA"]
[PlyCount "97"]
[EventDate "2019.05.11"]
[EventType "tourn"]
[EventCountry "POL"]
[SourceTitle "playchess.com"]
[Source "ChessBase"]
[SourceQuality "1"]

{[%evp 12,97,9,9,38,39,52,40,34,41,44,53,93,87,96,91,92,68,69,71,60,-46,-45,-27,30,0,8,6,31,0,0,0,0,0,0,-25,0,0,0,0,29,28,23,25,37,18,33,23,25,12,11,3,8,12,8,0,0,0,14,12,14,0,0,0,0,0,28,0,0,0,0,0,0,0,0,0,0,0,0,0,0,0,0,0,0,0,0,0]} 1. d4 Nf6 2. Nf3 g6 3. Bg5 Bg7 4. e3 c5 5. c3 Qb6 6. Qb3 d5 7. Nbd2 c4 {D03: 1 d4 d5 2 Nf3 Nf6 3 Bg5, including Torre Attack with early ...d5} (7... Nc6 8. Be2 O-O 9. O-O Bf5 10. h3 Rfe8 11. Bf4 Ne4 12. g4 Nxd2 13. Nxd2 Bc8 14. Qxb6 axb6 15. Bc7 cxd4 16. exd4 e5 17. dxe5 Bxe5 18. Bxe5 Rxe5 {½-½ (39) Tomashevsky,E (2722)-Volokitin,A (2668) Novi Sad 2016}) 8. Qa3 Nc6 9. b3 cxb3 $1 {White is slightly better.} 10. axb3 O-O 11. b4 {[%cal Bb3b4,Bb4b5][%mdl 32]} Re8 $146 ({Predecessor:} 11... e5 12. b5 exd4 13. cxd4 Nd8 14. Bd3 Ne6 15. Bh4 {½-½ (57) Duer,W (2310)-Olbrich,M (2310) Bayern 1997}) 12. b5 Nb8 13. c4 dxc4 14. Bxc4 Be6 15. Bxe6 Qxe6 16. Qb3 (16. Qd3 $14) 16... Qxb3 $15 17. Nxb3 Nbd7 (17... Ne4 $142) 18. O-O (18. Bxf6 $5 Nxf6 19. Ke2 $14) 18... Nd5 19. Rfc1 f5 20. Nc5 Nxc5 21. Rxc5 e6 22. Kf1 Bf8 23. Rcc1 h6 24. Bf4 a5 25. bxa6 $1 bxa6 26. Bc7 Rec8 27. Ba5 $1 Bd6 28. Ke2 Kf7 29. Kd3 Kf6 30. h4 g5 31. hxg5+ hxg5 32. Rxc8 Rxc8 33. Rb1 g4 34. Nd2 e5 35. dxe5+ Bxe5 36. g3 Ke6 37. e4 fxe4+ 38. Nxe4 Rf8 39. Rb7 Rf3+ {The position is equal.} 40. Kc4 Ra3 41. Nc5+ Kf5 42. Kxd5 Rxa5 $11 {[%mdl 4096] Endgame KRB-KRN} 43. Rf7+ Bf6 44. Ra7 Ra2 45. Rxa6 Rd2+ 46. Kc4 {[#] Strongly threatening Rxf6+!} Rc2+ 47. Kd5 Rd2+ 48. Kc4 {Hoping for Rxf6+!} Rc2+ 49. Kd5 {Accuracy: White = 55%, Black = 55%.} 1/2-1/2